000 00601nam a2200205Ia 4500
003 GCL
008 140319s9999 xx 000 0 ara d
040 _aGCL /
_cGCL
082 0 4 _a309.262
_bح ر
100 1 _aحسين كفافى
245 1 0 _aرؤية عصرية للمدن الصناعية فى مصر /
_cحسين كفافى
260 _a[S.N] :
_bالهيئة المصرية العامة للكتاب ،
_c1985
300 _a226
490 _a
650 0 4 _aمصر
650 0 4 _aالتخطيط
650 0 4 _aالصناعات
650 0 4 _aالمدن الصناعية
942 _2ddc
_cBK
999 _c30621
_d30621